| 000 | 00561nam a2200181Ia 4500 | ||
|---|---|---|---|
| 008 | 090123s9999 xx 000 0 und d | ||
| 082 | _b38926 | ||
| 100 | _aइनामदार सुनिल | ||
| 245 | _aहरवलेला डाव | ||
| 250 | _a0 | ||
| 260 |
_bश्रध्दा प्रकाशन _c2005 |
||
| 300 | _a128 | ||
| 600 | _aइनामदार सुनिल | ||
| 630 | _aहरवलेला डाव | ||
| 700 | _aइनामदार सुनिल | ||
| 730 | _aहरवलेला डाव | ||
| 942 | _cBOOK | ||
| 999 |
_c76995 _d76995 |
||